| 000 | 00344cam a22001331 4500 | ||
|---|---|---|---|
| 040 | _cTxU-Da | ||
| 082 | _a581 ACA 1950 A084 Or. | ||
| 100 | 1 | _aBonner, James Frederick, | |
| 245 | 1 | 0 | _aPlant biochemistry. |
| 260 |
_aNew York, _bAcademic Press, _c1950. |
||
| 300 |
_axvii, 537 p. _billus. _c24 cm. |
||
| 650 | 0 | _aBotanical chemistry. | |
| 942 | _cEK | ||
| 999 |
_c16575 _d16575 |
||